<?xml version="1.0" encoding="UTF-8"?>
<record
    xmlns:xsi="http://www.w3.org/2001/XMLSchema-instance"
    xsi:schemaLocation="http://www.loc.gov/MARC21/slim http://www.loc.gov/standards/marcxml/schema/MARC21slim.xsd"
    xmlns="http://www.loc.gov/MARC21/slim">

  <leader>00713nam a22001697a 4500</leader>
  <datafield tag="999" ind1=" " ind2=" ">
    <subfield code="c">61042</subfield>
    <subfield code="d">61042</subfield>
  </datafield>
  <controlfield tag="005">20231211170423.0</controlfield>
  <controlfield tag="008">231211s1949    ru ||||| |||| 00| 0 rus d</controlfield>
  <datafield tag="041" ind1=" " ind2=" ">
    <subfield code="a">rus</subfield>
  </datafield>
  <datafield tag="080" ind1=" " ind2=" ">
    <subfield code="a">902.6(042.4) &#x41F;-32</subfield>
  </datafield>
  <datafield tag="100" ind1=" " ind2=" ">
    <subfield code="a">&#x41F;&#x438;&#x43E;&#x442;&#x440;&#x43E;&#x432;&#x441;&#x43A;&#x438;&#x439;, &#x411;. &#x411;. </subfield>
    <subfield code="9">20663</subfield>
  </datafield>
  <datafield tag="245" ind1=" " ind2=" ">
    <subfield code="a">&#x410;&#x440;&#x445;&#x435;&#x43E;&#x43B;&#x43E;&#x433;&#x438;&#x44F; &#x417;&#x430;&#x43A;&#x430;&#x432;&#x43A;&#x430;&#x437;&#x44C;&#x44F; : </subfield>
    <subfield code="b">&#x441; &#x434;&#x440;&#x435;&#x432;&#x43D;&#x435;&#x439;&#x448;&#x438;&#x445; &#x432;&#x440;&#x435;&#x43C;&#x435;&#x43D; &#x434;&#x43E; I &#x442;&#x44B;&#x441;&#x44F;&#x447;&#x435;&#x43B;&#x435;&#x442;&#x438;&#x44F; &#x434;&#x43E; &#x43D;. &#x44D;. &#x41A;&#x443;&#x440;&#x441; &#x43B;&#x435;&#x43A;&#x446;&#x438;&#x438; /</subfield>
    <subfield code="c">&#x411;. &#x411;. &#x41F;&#x438;&#x43E;&#x442;&#x440;&#x43E;&#x432;&#x441;&#x43A;&#x438;&#x439;.</subfield>
  </datafield>
  <datafield tag="264" ind1=" " ind2=" ">
    <subfield code="a">&#x41B;&#x435;&#x43D;&#x438;&#x43D;&#x433;&#x440;&#x430;&#x434; :</subfield>
    <subfield code="b">&#x41B;&#x413;&#x423;.</subfield>
    <subfield code="c">1949. </subfield>
  </datafield>
  <datafield tag="300" ind1=" " ind2=" ">
    <subfield code="a">134 &#x441;.:</subfield>
    <subfield code="b">&#x442;&#x430;&#x431;&#x43B;.;</subfield>
    <subfield code="c">22 &#x441;&#x43C;.</subfield>
  </datafield>
  <datafield tag="653" ind1=" " ind2=" ">
    <subfield code="a">&#x10D0;&#x10DB;&#x10D8;&#x10D4;&#x10E0;&#x10D9;&#x10D0;&#x10D5;&#x10D9;&#x10D0;&#x10E1;&#x10D8;&#x10D8;&#x10E1; &#x10D0;&#x10E0;&#x10E5;&#x10D4;&#x10DD;&#x10DA;&#x10DD;&#x10D2;&#x10D8;&#x10D0;</subfield>
  </datafield>
  <datafield tag="653" ind1=" " ind2=" ">
    <subfield code="a">&#x10D8;&#x10E1;&#x10E2;&#x10DD;&#x10E0;&#x10D8;&#x10D0;</subfield>
  </datafield>
  <datafield tag="942" ind1=" " ind2=" ">
    <subfield code="2">udc</subfield>
    <subfield code="c">&#x1CAC;&#x1C98;&#x1C92;&#x1C9C;&#x1C98;</subfield>
  </datafield>
  <datafield tag="952" ind1=" " ind2=" ">
    <subfield code="0">0</subfield>
    <subfield code="1">0</subfield>
    <subfield code="2">udc</subfield>
    <subfield code="4">0</subfield>
    <subfield code="6">90260424_&#x41F;32</subfield>
    <subfield code="7">0</subfield>
    <subfield code="9">97297</subfield>
    <subfield code="a">CPL</subfield>
    <subfield code="b">CPL</subfield>
    <subfield code="c">GEN</subfield>
    <subfield code="d">2023-12-11</subfield>
    <subfield code="g">8.00</subfield>
    <subfield code="o">902.6(042.4) &#x41F;-32</subfield>
    <subfield code="p">65569</subfield>
    <subfield code="r">2023-12-11</subfield>
    <subfield code="t">65569</subfield>
    <subfield code="u">&#x10D1;&#x10E1;&#x10E3;-&#x10E1; &#x10E1;&#x10D0;&#x10DE;&#x10D0;&#x10E2;&#x10D8;&#x10DD; &#x10D3;&#x10DD;&#x10E5;&#x10E2;&#x10DD;&#x10E0;&#x10D8;&#x10E1; &#x10D2;&#x10E3;&#x10E0;&#x10D0;&#x10DB; &#x10DA;&#x10DD;&#x10E0;&#x10D7;&#x10E5;&#x10D8;&#x10E4;&#x10D0;&#x10DC;&#x10D8;&#x10EB;&#x10D8;&#x10E1; &#x10E1;&#x10D0;&#x10E9;&#x10E3;&#x10E5;&#x10D0;&#x10E0;&#x10D8;</subfield>
    <subfield code="w">2023-12-11</subfield>
    <subfield code="y">&#x1CAC;&#x1C98;&#x1C92;&#x1C9C;&#x1C98;</subfield>
    <subfield code="z">8 &#x10DA;.</subfield>
  </datafield>
</record>
